000 00542nam a2200181 a 4500
001 000014800
005 20240301124642.0
008 100122s2009 dr a 001 0 spa d
020 _z978999349787
040 _aDO-SdBNP
_bspa
_cBNPHU
082 _axxx
_bG795c
100 1 _aGreen, Pedro N.,
_d1938-
_977371
245 1 0 _a5 cánceres, 1 transplante y soy feliz /
_cPedro N. Green.
246 1 2 _aCinco Cánceres, 1 transplante y soy feliz
260 _aSanto Domingo :
_bDe Luxe,
_c2009.
300 _a100 p. :
_bil. ;
_c20 cm.
049 _aBNPD
999 _c14381
_d14381